Ζώο, φυτό ή πράγμα; #1 - Statistics

General Stats
  • This quiz has been taken 892 times
  • The average score is 9 of 15
Answer Stats
Question Answer % Correct
Ορνιθόρυγχος Ζώο
89%
Λωτός Φυτό
87%
Μπαλαλάικα Πράγμα
81%
Σκαρπέλο Πράγμα
81%
Καζουάριος Ζώο
76%
Γκιώνης Ζώο
70%
Γιακ Ζώο
66%
Γκουάβα Φυτό
66%
Κασάβα Φυτό
58%
Πλουμέρια Φυτό
52%
Φασκωλόμυς Ζώο
51%
Σαρσέλα Ζώο
28%
Γιαμ Φυτό
26%
Λαλίτσα Πράγμα
17%
Λιμόζα Ζώο
9%
No matching quizzes found
Score Distribution
Percent of People with Each Score
Percentile by Number Answered
Your Score History
You have not taken this quiz